000 00779cam a2200229 4500
001 J129200
008 #DATE n1999 000 0 eng u
035 _a(Sirsi) u129200
041 _aeng
050 _a622
110 _aRoyal Institution of Chartered Surveyors
_94900
245 _aRoyal Instiution of Chartered Surveyors Minerals and Environmental Management Division: Annual conference, Friday 26 March 1999, Stoke on Trent
_bInto the millennium
260 _aLondon
_bRICS
_c1999
300 _a1v. (looseleaf) ; 30cm.
650 _aCONFERENCE PAPERS
650 _aMINERALS DIVISION
650 _aMINERALS PLANNING
650 _aSustainability
_96271
650 _aWASTE MANAGEMENT
690 _aENVIRONMENTAL AND LAND CONSULTANCY-WASTE MANAGEMENT
942 _n0
999 _c104123
_d104123